| 000 | 00601nam a22001817a 4500 | ||
|---|---|---|---|
| 003 | 0 | ||
| 005 | 20160609165231.0 | ||
| 008 | 091203t xxu||||| |||| 00| 0 eng d | ||
| 037 |
_aM15352 _bBIBLIO EPAC |
||
| 040 |
_aUAC/EPAC _bF _cBIBLIO-EPAC |
||
| 082 | _a27.APE/BAR | ||
| 100 |
_aPrimela Jolyane Chantelle BARUNCIO _92400 |
||
| 245 | _aValorisation des déchets organiques à travers l'utilisation du compost pour une agriculture urbaine et durable | ||
| 260 |
_aUAC-EPAC _bBIBLIO EPAC _c2007-2008 |
||
| 300 |
_aII-43p _c29cm |
||
| 650 |
_aAMENAGEMENT PROTECTION ENVIRONNEMENT _92401 |
||
| 942 | _cTHE | ||
| 999 |
_c46600 _d46600 |
||